| 000 | 01021nam a22002537a 4500 | ||
|---|---|---|---|
| 999 |
_c64328 _d64328 |
||
| 005 | 20240530110726.0 | ||
| 008 | 180422s2017 ua a b 000 0dara d | ||
| 017 |
_a2017/27370 _bمصر. دار الكتب |
||
| 020 | _a9789773833395 | ||
| 040 |
_aEG-CaGPL _cEG-CaGPL |
||
| 082 | 0 | 4 |
_221 _a512 \ _bم ج |
| 245 | 0 | 2 |
_aالجبر المجرد / _cتأليف منى على منصور ، محمود سعد فارس ، عياد محمد الشك ، غزيل المهدى جلاله . |
| 250 | _aط.1 | ||
| 260 |
_aالقاهرة : _bايتراك للطباعة و النشر و التوزيع ، _c2017 . |
||
| 300 |
_a231 ص. ؛ _c24 سم. |
||
| 650 | 0 | 7 |
_2qrmak _aالجبر |
| 651 | _2qrmak | ||
| 700 | 0 |
_aمنى على منصور _eمؤلف |
|
| 700 | 0 |
_aمحمود سعد فارس _eمؤلف مشارك |
|
| 700 | 0 |
_aعياد محمد الشك _eمؤلف مشارك |
|
| 700 | 0 |
_aغزيل المهدى جلاله _eمؤلف مشارك |
|
| 942 |
_2ddc _cBK |
||